000 00646nam a2200217Ia 4500
003 GCL
005 20240530104514.0
008 140319s9999 xx 000 0 ara d
040 _aGCL /
_cGCL
082 0 4 _a401.19
_bا س
100 1 _aاشار، بيار
245 1 0 _aسوسيولوجيا اللغة /
_cاشار، بيار ؛ تعريب عبدالوهاب تزو
300 _a141 ص
490 _aزدنى علما
_v0
650 0 4 _aاللغات
650 0 4 _aاللسانيات
650 0 4 _aالاجتماع، علم
650 0 4 _aالسوسيولوجيا
700 0 _aعبدالوهاب تزو
_eمترجم
942 _2ddc
_cBK
999 _c48195
_d48195